Ley de los derechos de las niñas y niños en el Distrito Federal. (Record no. 113406)

MARC details
000 -CABECERA
campo de control de longitud fija 01103nam a2200241 a 4500
005 - FECHA Y HORA DE LA ÚLTIMA TRANSACCIÓN
campo de control 20231117063556.0
008 - ELEMENTOS DE LONGITUD FIJA--INFORMACIÓN GENERAL
campo de control de longitud fija 051124s2000 mx r 000 0 spa d
035 ## - NÚMERO DE CONTROL DEL SISTEMA
Número de control de sistema UPN01000141259
049 ## - COLECCIÓN
Colección C
050 #4 - SIGNATURA TOPOGRÁFICA DE LA BIBLIOTECA DEL CONGRESO
Número de clasificación KGF2048
Número de documento/Ítem M4.4
110 1# - ASIENTO PRINCIPAL--NOMBRE CORPORATIVO
Nombre de entidad corporativa o nombre de jurisdicción como elemento de entrada México (D.F.).
Título de la obra [Ley de los Derechos de las Niñas y Niños en el Distrito Federal]
245 10 - MENCIÓN DE TÍTULO
Título Ley de los derechos de las niñas y niños en el Distrito Federal.
260 ## - PUBLICACIÓN, DISTRIBUCIÓN, ETC.
Lugar de publicación, distribución, etc. México :
Nombre del editor, distribuidor, etc. Asamblea Legislativa del Distrito Federal, I Legislatura,
Fecha de publicación, distribución, etc. 2000.
300 ## - DESCRIPCIÓN FÍSICA
Extensión 76 p.
440 #0 - MENCIÓN DE SERIE/ASIENTO SECUNDARIO--TÍTULO
Título Ordenamientos jurídicos
501 ## - NOTA DE "CON"
Nota de “Con” Con: Ley de los derechos de las personas adultas mayores en el Distrito Federal -- Ley del instituto de Cultura de la Ciudad de México
650 #0 - ASIENTO SECUNDARIO DE MATERIA - TERMINO TEMATICO
Término de materia o nombre geográfico como elemento de entrada Niños
Subdivisión general Situación legal, leyes, etc.
Subdivisión geográfica México
9 (RLIN) 5234
650 #4 - ASIENTO SECUNDARIO DE MATERIA - TERMINO TEMATICO
Término de materia o nombre geográfico como elemento de entrada ANCIANOS -
Subdivisión general SITUACION LEGAL, LEYES, ETC. -
Subdivisión geográfica MEXICO
9 (RLIN) 20657
610 24 - ASIENTO SECUNDARIO DE MATERIA - NOMBRE CORPORATIVO
Nombre de entidad corporativa o nombre de jurisdicción como elemento de entrada Instituto de Cultura de la Ciudad de México
9 (RLIN) 20658
740 0# - ASIENTO SECUNDARIO - TÍTULOS RELACIONADOS /ANALITICOS NO CONTROLADOS
Título relacionado o analítico no controlado Ley de los derechos de las personas adultas mayores en el Distrito Federal
740 0# - ASIENTO SECUNDARIO - TÍTULOS RELACIONADOS /ANALITICOS NO CONTROLADOS
Título relacionado o analítico no controlado Ley del Instituto de Cultura de la Ciudad de México
905 ## - TIPO DE MATERIAL
Tipo de material Libro
Holdings
Estado de retiro Estado de pérdida Fuente del sistema de clasificación o colocación Estado dañado No para préstamo Código de colección Localización permanente Ubicación/localización actual Ubicación en estantería Total de préstamos Clasificación Código de barras Fecha visto por última vez Número de copia Tipo de ítem Koha
    Library of Congress Classification   Consulta Consulta Bib. Gregorio Torres Quintero Bib. Gregorio Torres Quintero Sala de lectura Sótano   KGF2048 M4.4 197737 31/12/2020 1 Libro